Fifteen Shades of Black - Statistics

General Stats
  • This quiz has been taken 833 times
  • The average score is 10 of 15
Answer Stats
HEX Hint Shade % Correct
000000 The opposite of white Black
99%
281E15 Comes in olive, cooking, and crude varities Oil
88%
311C17 When the moon completely blocks the sun Eclipse
87%
242124 Dried grape Raisin
85%
130000 Fuel often used by trucks Diesel
84%
555D50 Hardwood used to make black piano keys Ebony
72%
2A2630 Sea bordering Sweden and Finland (among others) Baltic Sea
63%
1A1110 Type of candy produced by Twizzlers Licorice
59%
130A06 Pavement material Asphalt
57%
414A4C The final frontier Outer Space
57%
3D0C02 A British person may put these on toast Bean
53%
1B1B1B Spooky, particularly if you're afraid of the letter E Eerie
50%
0E0E10 ___Punk Jet
48%
353839 A rock with parallel bands, or a rock snake Pokèmon Onyx
35%
N/A Darkest shade of black created in 2014 {Vanta}black
24%
No matching quizzes found
Score Distribution
Percent of People with Each Score
Percentile by Number Answered
Your Score History
You have not taken this quiz